| 000 | 00748cab a2200241 4500 | ||
|---|---|---|---|
| 001 | ABS47653 | ||
| 008 | 090401t1993 xxu||||| |||| 00| 0 eng d | ||
| 035 | _a(Sirsi) u62848 | ||
| 041 | _aeng | ||
| 100 | _aPerry, J. | ||
| 245 | _aPrivate function | ||
| 260 | _c1993 | ||
| 350 | _a0 | ||
| 490 |
_aHousing _v28(10) January 1993, 18-19(2) |
||
| 520 | _aThe conclusions of publications such as `The Future of Private Renting` may make the Government consider new subsidies to the private rented sector. Considers how much relief such measures would provide. | ||
| 650 | _aPRIVATE RENTED SECTOR | ||
| 650 | _aRENTED HOUSING | ||
| 650 | _aSUBSIDIES | ||
| 650 | _aTAX INCENTIVES | ||
| 690 | _aHOUSING | ||
| 942 | _n0 | ||
| 948 | _c04/03/1997 | ||
| 999 |
_c39037 _d39037 |
||